[Event "FIDE World Cup American Qual Gp7"]
[Site "Tornelo INT"]
[Date "2021.05.25"]
[Round "2.2"]
[White "Valenzuela Fuentealba, Luis"]
[Black "Sambuev, Bator"]
[Result "0-1"]
[WhiteElo "2444"]
[BlackElo "2514"]
[PlyCount "110"]
[EventDate "2021.05.22"]
[EventType "k.o. (rapid)"]
[EventRounds "4"]
[EventCountry "USA"]
[SourceTitle "CBM 202 Extra"]
[Source "ChessBase"]
[SourceDate "2021.07.31"]
[SourceVersion "1"]
[SourceVersionDate "2021.07.31"]
[SourceQuality "1"]

1. d4 g6 2. Nf3 Bg7 3. c4 d6 4. Nc3 Bg4 5. g3 Qc8 6. h3 Bd7 7. Bg2 Nf6 8. e4 0-0 9. Be3 c5 10. dxc5 Nc6 11. cxd6 exd6 12. Rc1 Re8 13. Nd2 Ne5 14. Qe2 h5 15. f4 Nc6 16. Nb5 Bf8 17. a3 Be6 18. Nc3 Bg7 19. Nb5 Qd7 20. Qd3 Rad8 21. Nc3 Rc8 22. Kf2 Nh7 23. c5 dxc5 24. Qxd7 Bxd7 25. Nc4 Bf8 26. Rhd1 Nd4 27. e5 b6 28. Nd6 Bxd6 29. exd6 Nf5 30. Nd5 Rcd8 31. g4 hxg4 32. hxg4 Nxe3 33. Nxe3 g5 34. fxg5 Nxg5 35. Nd5 Kg7 36. Nc7 Re5 37. Kg3 Ne6 38. Re1 Rg5 39. Rcd1 Nd4 40. Bh3 Ba4 41. Kf4 Rg6 42. Rd3 Rgxd6 43. Rc3 Rc6 44. b3 Bxb3 45. Nb5 Nxb5 46. Rxb3 Nd4 47. Rc3 Re6 48. Rxe6 Nxe6+ 49. Ke5 Rd4 50. Rg3 Nf4 51. Bf1 Ng6+ 52. Kf5 Rf4+ 53. Kg5 Rxf1 54. a4 f6+ 55. Kh5 Rh1+ 0-1

[Event "FIDE World Cup American Qual Gp7"]
[Site "Tornelo INT"]
[Date "2021.05.22"]
[Round "1.1"]
[White "Valenzuela Fuentealba, Luis"]
[Black "Hernandez Alvarez, Tania Regla"]
[Result "1-0"]
[WhiteElo "2444"]
[BlackElo "2041"]
[PlyCount "55"]
[EventDate "2021.05.22"]
[EventType "k.o. (rapid)"]
[EventRounds "4"]
[EventCountry "USA"]
[SourceTitle "CBM 202 Extra"]
[Source "ChessBase"]
[SourceDate "2021.07.31"]
[SourceVersion "1"]
[SourceVersionDate "2021.07.31"]
[SourceQuality "1"]

1. d4 d5 2. c4 e6 3. Nf3 a6 4. Qc2 h6 5. g3 Nf6 6. Bg2 dxc4 7. a4 Nc6 8. Qxc4 Bb4+ 9. Nc3 Qe7 10. 0-0 0-0 11. e4 Bxc3 12. bxc3 Nxe4 13. Ne5 Na5 14. Qb4 Qxb4 15. cxb4 Nb3 16. Bxe4 Nxa1 17. Be3 Nb3 18. Rb1 f6 19. Ng6 Nxd4 20. Bxd4 Rd8 21. Bc5 Kf7 22. Ne7 f5 23. Bf3 c6 24. Bh5+ Kf6 25. Ng6 Rd7 26. Re1 Kg5 27. Nf4 g6 28. Rxe6 1-0

[Event "Online Olym Div2 D"]
[Site "Chess.com INT"]
[Date "2020.08.16"]
[Round "8.2"]
[White "Lorenzana, Wilson Estuardo"]
[Black "Valenzuela Fuentealba, Luis"]
[Result "1-0"]
[WhiteElo "2221"]
[BlackElo "2440"]
[PlyCount "79"]
[EventDate "2020.08.14"]
[EventType "team-tourn (rapid)"]
[EventRounds "9"]
[EventCountry "USA"]
[SourceTitle "CBM 198"]
[Source "ChessBase"]
[SourceDate "2020.10.31"]
[SourceVersion "1"]
[SourceVersionDate "2020.10.31"]
[SourceQuality "1"]
[WhiteTeam "Guatemala"]
[BlackTeam "Chile"]
[WhiteTeamCountry "GUA"]
[BlackTeamCountry "CHI"]

1. e4 c5 2. Nf3 e6 3. d4 cxd4 4. Nxd4 a6 5. Bd3 Bc5 6. Nb3 Be7 7. c4 d6 8. 0-0 Nf6 9. Nc3 Qc7 10. Be3 b6 11. Rc1 0-0 12. f4 Bb7 13. Qe2 Nbd7 14. Nd2 Rfe8 15. a3 Bf8 16. Bb1 g6 17. h3 Rac8 18. b4 Qb8 19. Qf2 Ba8 20. g4 b5 21. cxb5 axb5 22. Bd3 Bc6 23. Qe2 Qb7 24. Bxb5 Qa8 25. Bxc6 Rxc6 26. b5 Rcc8 27. a4 d5 28. e5 Ne4 29. Ncxe4 dxe4 30. Rc4 Rxc4 31. Qxc4 Rc8 32. Qxe4 Qxe4 33. Nxe4 Rc4 34. Nf6+ Nxf6 35. exf6 Rxa4 36. Rd1 Ra8 37. Rd7 Ba3 38. b6 Kf8 39. b7 Rb8 40. Ba7 1-0

[Event "CHI-ch"]
[Site "Santiago de Chile"]
[Date "2020.02.11"]
[Round "1"]
[White "Valenzuela Fuentealba, Luis"]
[Black "Vergara Jofre, Felipe Andres"]
[Result "1/2-1/2"]
[WhiteElo "2450"]
[BlackElo "2317"]
[PlyCount "29"]
[EventDate "2020.02.11"]
[EventType "tourn"]
[EventRounds "11"]
[EventCountry "CHI"]
[EventCategory "2"]
[SourceTitle "CBM 195 Extra"]
[Source "ChessBase"]
[SourceDate "2020.05.31"]
[SourceVersion "1"]
[SourceVersionDate "2020.05.31"]
[SourceQuality "1"]

1. d4 Nf6 2. c4 e6 3. Nf3 c5 4. d5 b5 5. Bg5 exd5 6. cxd5 d6 7. e4 a6 8. a4 Be7 9. Bd3 Nxd5 10. exd5 Bxg5 11. Qe2+ Kd7 12. 0-0 b4 13. Re1 Bf6 14. Qc2 Kc7 15. Nbd2 1/2-1/2

[Event "CHI-chT"]
[Site "Santiago de Chile"]
[Date "2019.09.05"]
[Round "1.1"]
[White "Valenzuela Fuentealba, Luis"]
[Black "Vilches Romero, Eduardo Enrique"]
[Result "1-0"]
[WhiteElo "2437"]
[BlackElo "2013"]
[PlyCount "169"]
[EventDate "2019.09.05"]
[EventType "team-swiss"]
[EventRounds "9"]
[EventCountry "CHI"]
[SourceTitle "CBM 193 Extra"]
[Source "ChessBase"]
[SourceDate "2020.01.31"]
[SourceVersion "1"]
[SourceVersionDate "2020.01.31"]
[SourceQuality "1"]
[WhiteTeam "Casablanca Tours"]
[BlackTeam "Talagante CC"]
[WhiteTeamCountry "CHI"]
[BlackTeamCountry "CHI"]

1. d4 d5 2. c4 e6 3. Nc3 c5 4. cxd5 exd5 5. Nf3 Nc6 6. e3 Nf6 7. Bb5 a6 8. Bxc6+ bxc6 9. 0-0 Bd6 10. b3 0-0 11. Ba3 cxd4 12. Bxd6 Qxd6 13. exd4 c5 14. dxc5 Qxc5 15. Rc1 Qa5 16. Qd4 Be6 17. Qa4 Qb6 18. Qd4 Qa5 19. Na4 Rac8 20. Qb6 Qxb6 21. Nxb6 Rb8 22. Rc6 Rb7 23. Rfc1 a5 24. R1c5 Rfb8 25. Rxa5 h6 26. Na4 Bd7 27. Rc1 Rb4 28. Nc5 Rc8 29. a3 Re4 30. Rd1 Re7 31. Nd4 Be8 32. b4 Rec7 33. f3 Kf8 34. Kf2 Bd7 35. Ra6 Rb8 36. Re1 Re8 37. Rxe8+ Kxe8 38. Ra8+ Ke7 39. a4 g6 40. a5 Bc6 41. Ra7 Kd6 42. Rxc7 Kxc7 43. b5 Bb7 44. b6+ Kc8 45. Nb5 Ne8 46. a6 Bxa6 47. Nxa6 Kb7 48. Nbc7 Nd6 49. Nb4 Kxb6 50. Nbxd5+ Kc6 51. Ke3 f6 52. Kf4 h5 53. Ke3 Nf5+ 54. Ke4 Nd6+ 55. Ke3 Nf5+ 56. Kf4 Nh4 57. g3 Nf5 58. Nxf6 Kxc7 59. Nxh5 Kd7 60. Nf6+ Ke6 61. Ng4 Nd4 62. Ke4 Nf5 63. Ne3 Nd6+ 64. Kf4 Nb5 65. Kg5 Kf7 66. Nc4 Nd4 67. Ne5+ Kg7 68. f4 Ne6+ 69. Kg4 Nd4 70. Nf3 Nf5 71. Kg5 Nd6 72. Ne5 Ne4+ 73. Kg4 Nd6 74. Kf3 Kf6 75. Ng4+ Kf5 76. Ne3+ Kf6 77. h4 Nf7 78. Nc4 Nh6 79. g4 Nf7 80. Ke4 Ke6 81. g5 Ke7 82. Ne5 Nd6+ 83. Kd5 Nf5 84. Nxg6+ Kf7 85. Ke5 1-0

[Event "Olympiad-43"]
[Site "Batumi"]
[Date "2018.10.02"]
[Round "8.4"]
[White "Lorenzana, Wilson Estuardo"]
[Black "Valenzuela Fuentealba, Luis"]
[Result "0-1"]
[WhiteElo "2292"]
[BlackElo "2443"]
[PlyCount "80"]
[EventDate "2018.09.24"]
[EventType "team-swiss"]
[EventRounds "11"]
[EventCountry "GEO"]
[SourceTitle "CBM 187"]
[Source "ChessBase"]
[SourceDate "2018.12.11"]
[SourceVersion "1"]
[SourceVersionDate "2018.12.11"]
[SourceQuality "1"]
[WhiteTeam "Guatemala"]
[BlackTeam "Chile"]
[WhiteTeamCountry "GUA"]
[BlackTeamCountry "CHI"]

1. e4 c5 2. Nf3 e6 3. d4 cxd4 4. Nxd4 a6 5. Nc3 b5 6. Bd3 Qb6 7. Nb3 Qc7 8. 0-0 Bb7 9. f4 d6 10. a3 Nd7 11. Kh1 Ngf6 12. Qe2 Be7 13. Bd2 0-0 14. Nd4 Rfe8 15. Rae1 g6 16. Nf3 Nc5 17. b4 Nxd3 18. cxd3 Nh5 19. Rc1 Qd7 20. Qf2 f5 21. Rfe1 Bf8 22. Re2 Bg7 23. Rce1 Rac8 24. Nd1 h6 25. Qh4 Qf7 26. Nf2 Rc2 27. g4 Nxf4 28. Bxf4 Rxe2 29. Rxe2 fxe4 30. dxe4 Qxf4 31. Kg2 Rf8 32. Qg3 d5 33. Qxf4 Rxf4 34. Kg3 g5 35. exd5 Bxd5 36. Nd2 Bc3 37. Nde4 Be5 38. Kg2 Bd4 39. Kg3 Bxf2+ 40. Nxf2 Rf3+ 0-1

[Event "Olympiad-43"]
[Site "Batumi"]
[Date "2018.09.27"]
[Round "4.18"]
[White "Valenzuela Fuentealba, Luis"]
[Black "Sousa, Andre Ventura"]
[Result "1/2-1/2"]
[WhiteElo "2443"]
[BlackElo "2365"]
[PlyCount "78"]
[EventDate "2018.09.24"]
[EventType "team-swiss"]
[EventRounds "11"]
[EventCountry "GEO"]
[SourceTitle "CBM 187"]
[Source "ChessBase"]
[SourceDate "2018.12.11"]
[SourceVersion "1"]
[SourceVersionDate "2018.12.11"]
[SourceQuality "1"]
[WhiteTeam "Chile"]
[BlackTeam "Portugal"]
[WhiteTeamCountry "CHI"]
[BlackTeamCountry "POR"]

1. d4 Nf6 2. c4 e6 3. Nc3 Bb4 4. Qc2 0-0 5. a3 Bxc3+ 6. Qxc3 d5 7. Bg5 dxc4 8. Qxc4 b6 9. Nf3 Ba6 10. Qa4 Qd7 11. Qc2 c5 12. Rd1 cxd4 13. Bxf6 gxf6 14. Rxd4 Qc6 15. Qxc6 Nxc6 16. Rg4+ Kh8 17. e3 Bxf1 18. Rxf1 Rac8 19. Ke2 Na5 20. Rd1 Rc2+ 21. Rd2 Rfc8 22. Rb4 Kg7 23. Nd4 Rxd2+ 24. Kxd2 Nc4+ 25. Kd3 Ne5+ 26. Ke2 f5 27. a4 Kf6 28. h3 Rc1 29. f4 Nd7 30. a5 h5 31. axb6 Nxb6 32. Rb5 Nd5 33. Rb7 Rc4 34. Kd3 Rb4 35. Rxb4 Nxb4+ 36. Kc4 Nd5 37. Kd3 Nb4+ 38. Kc4 Nd5 39. Kd3 Nb4+ 1/2-1/2

[Event "Villa Martelli zt 2.5"]
[Site "Villa Martelli"]
[Date "2017.05.06"]
[Round "7"]
[White "Villca, Julian"]
[Black "Valenzuela Fuentealba, Luis"]
[Result "0-1"]
[WhiteElo "2137"]
[BlackElo "2460"]
[PlyCount "72"]
[EventDate "2017.04.30"]
[EventType "swiss"]
[EventRounds "9"]
[EventCountry "ARG"]
[SourceTitle "CBM 178 Extra"]
[Source "ChessBase"]
[SourceDate "2017.06.22"]
[SourceVersion "1"]
[SourceVersionDate "2017.06.22"]
[SourceQuality "1"]

1. c4 c6 2. g3 d5 3. Nf3 Nf6 4. Bg2 Bg4 5. 0-0 e6 6. b3 Be7 7. Bb2 0-0 8. d3 a5 9. a3 Re8 10. h3 Bh5 11. Nbd2 Nbd7 12. Qc2 Bf8 13. d4 Bg6 14. Qc1 h6 15. c5 Ne4 16. b4 b6 17. Nh4 Bh7 18. Bxe4 Bxe4 19. Nxe4 dxe4 20. Qc2 Nf6 21. Ng2 Qc7 22. Ne3 b5 23. a4 bxa4 24. Rxa4 axb4 25. Rfa1 Rxa4 26. Rxa4 Qb7 27. Qb3 Rb8 28. Nc4 Nd5 29. e3 Be7 30. Kg2 f5 31. Bc1 Bd8 32. Nd6 Qd7 33. Ra6 Bc7 34. Nc4 Qe8 35. Qa4 Qh5 36. Nd2 Nxe3+ 0-1

[Event "Villa Martelli zt 2.5"]
[Site "Villa Martelli"]
[Date "2017.04.30"]
[Round "1"]
[White "Meza, Anahi Silvina"]
[Black "Valenzuela Fuentealba, Luis"]
[Result "0-1"]
[WhiteElo "2118"]
[BlackElo "2460"]
[PlyCount "60"]
[EventDate "2017.04.30"]
[EventType "swiss"]
[EventRounds "9"]
[EventCountry "ARG"]
[SourceTitle "CBM 178 Extra"]
[Source "ChessBase"]
[SourceDate "2017.06.22"]
[SourceVersion "1"]
[SourceVersionDate "2017.06.22"]
[SourceQuality "1"]

1. d4 d5 2. c4 c6 3. Nf3 Nf6 4. Nc3 dxc4 5. a4 Bf5 6. e3 e6 7. Bxc4 Bb4 8. 0-0 0-0 9. Qb3 Qb6 10. Nh4 Bg6 11. Na2 Be7 12. Nxg6 hxg6 13. Qxb6 axb6 14. b3 Nbd7 15. Bb2 Rfd8 16. Rfd1 Bd6 17. Be2 Nd5 18. Bf3 Nc7 19. Nc3 Bb4 20. g3 g5 21. e4 Be7 22. h3 Na6 23. Na2 Kf8 24. d5 Ndc5 25. dxc6 bxc6 26. e5 Nxb3 27. Rab1 Nd2 28. Rxd2 Rxd2 29. Bxc6 Rc8 30. Bb7 Rcc2 0-1

[Event "CHI-ch"]
[Site "Santiago de Chile"]
[Date "2017.02.25"]
[Round "9"]
[White "Valenzuela Fuentealba, Luis"]
[Black "Henriquez Villagra, Cristobal"]
[Result "1-0"]
[WhiteElo "2443"]
[BlackElo "2538"]
[PlyCount "103"]
[EventDate "2017.02.20"]
[EventType "tourn"]
[EventRounds "11"]
[EventCountry "CHI"]
[EventCategory "3"]
[SourceTitle "CBM 177 Extra"]
[Source "ChessBase"]
[SourceDate "2017.04.27"]
[SourceVersion "1"]
[SourceVersionDate "2017.04.27"]
[SourceQuality "1"]

1. d4 Nf6 2. c4 g6 3. Nf3 Bg7 4. g3 c5 5. Bg2 Qa5+ 6. Nc3 Ne4 7. Bd2 Nxd2 8. Qxd2 d6 9. h3 0-0 10. e3 Nc6 11. 0-0 Qb4 12. b3 cxd4 13. Nxd4 Bd7 14. Rfd1 Rfc8 15. Rac1 Rab8 16. Qe2 Nxd4 17. exd4 e6 18. Qe3 b6 19. g4 Rc7 20. Ne4 b5 21. c5 d5 22. Qf4 Rcc8 23. Nf6+ Bxf6 24. Qxf6 Bc6 25. Rd3 Qa5 26. Rf3 Rb7 27. h4 Qd8 28. Qxd8+ Rxd8 29. g5 h5 30. b4 a5 31. a3 axb4 32. axb4 Ra8 33. Kh2 Ra2 34. Rb1 Rba7 35. Bf1 Rd2 36. Rf4 Ra3 37. Kg1 Kf8 38. Kg2 Ke7 39. Kg1 Raa2 40. Rb3 Rd1 41. Kg2 Raa1 42. Bd3 Rh1 43. Bc2 Rag1+ 44. Kf3 Rc1 45. Rb2 Ra1 46. Ke2 Rh3 47. Bd3 Ra3 48. Bc2 Be8 49. Kd2 e5 50. dxe5 Ke6 51. Rf6+ Kxe5 52. Rb1 1-0

[Event "CHI-ch"]
[Site "Santiago de Chile"]
[Date "2017.02.24"]
[Round "7"]
[White "Valenzuela Fuentealba, Luis"]
[Black "Olivares Olivares, Claudio"]
[Result "1-0"]
[WhiteElo "2443"]
[BlackElo "2320"]
[PlyCount "88"]
[EventDate "2017.02.20"]
[EventType "tourn"]
[EventRounds "11"]
[EventCountry "CHI"]
[EventCategory "3"]
[SourceTitle "CBM 177 Extra"]
[Source "ChessBase"]
[SourceDate "2017.04.27"]
[SourceVersion "1"]
[SourceVersionDate "2017.04.27"]
[SourceQuality "1"]

1. d4 Nf6 2. Nf3 g6 3. g3 Bg7 4. Bg2 0-0 5. c4 d6 6. 0-0 Nbd7 7. Nc3 e5 8. e4 exd4 9. Nxd4 a6 10. h3 Rb8 11. Bf4 Nh5 12. Be3 Ne5 13. b3 c5 14. Nde2 b5 15. f4 Nc6 16. e5 Nd4 17. g4 b4 18. Ne4 f5 19. exf6 Nxe2+ 20. Qxe2 Nxf6 21. Rad1 Nxe4 22. Bxe4 Qe7 23. Qf3 Kh8 24. Bc6 Be6 25. Kg2 Rbd8 26. Rde1 Bc3 27. Re2 Qf6 28. Bd2 Bd4 29. Rfe1 Bg8 30. Bd5 Bxd5 31. Qxd5 Qh4 32. Qf3 Rf7 33. Re6 Rdf8 34. Rf1 Qd8 35. Qe4 a5 36. Be3 Bc3 37. Rd1 Rf6 38. Rxf6 Qxf6 39. g5 Qf7 40. Rxd6 Re8 41. Qd3 Qe7 42. Kf3 Kg8 43. Rd7 Qf8 44. Qd5+ Kh8 1-0

[Event "CHI-ch"]
[Site "Santiago de Chile"]
[Date "2017.02.22"]
[Round "4"]
[White "Hurtado Bahamonde, Rodrigo And"]
[Black "Valenzuela Fuentealba, Luis"]
[Result "0-1"]
[WhiteElo "2167"]
[BlackElo "2443"]
[PlyCount "66"]
[EventDate "2017.02.20"]
[EventType "tourn"]
[EventRounds "11"]
[EventCountry "CHI"]
[EventCategory "3"]
[SourceTitle "CBM 177 Extra"]
[Source "ChessBase"]
[SourceDate "2017.04.27"]
[SourceVersion "1"]
[SourceVersionDate "2017.04.27"]
[SourceQuality "1"]

1. e4 c5 2. Nf3 e6 3. d4 cxd4 4. Nxd4 a6 5. Nc3 b5 6. Be2 Bb7 7. Bf3 Ne7 8. e5 Nbc6 9. Bf4 Ng6 10. Nxc6 Bxc6 11. Bxc6 dxc6 12. Qf3 Qc7 13. 0-0-0 Be7 14. Bg3 0-0 15. Qe4 Rfd8 16. h4 b4 17. Ne2 Nf8 18. Nf4 c5 19. Nh5 Qa5 20. Qc4 Ng6 21. Nxg7 Kxg7 22. h5 Bg5+ 23. Kb1 Rxd1+ 24. Rxd1 Rd8 25. Rh1 Rd4 26. Qe2 Nf4 27. h6+ Kh8 28. Bxf4 Bxf4 29. g3 Bg5 30. f4 Be7 31. Qh5 Qd8 32. c3 bxc3 33. bxc3 Rd2 0-1

[Event "Olympiad-42"]
[Site "Baku"]
[Date "2016.09.05"]
[Round "4.4"]
[White "Shaker, Mosab"]
[Black "Valenzuela Fuentealba, Luis"]
[Result "0-1"]
[WhiteElo "1726"]
[BlackElo "2439"]
[PlyCount "87"]
[EventDate "2016.09.02"]
[EventType "team-swiss"]
[EventRounds "11"]
[EventCountry "AZE"]
[SourceTitle "CBM 175"]
[Source "ChessBase"]
[SourceDate "2016.11.10"]
[SourceVersion "1"]
[SourceVersionDate "2016.11.10"]
[SourceQuality "1"]
[WhiteTeam "Bahrain"]
[BlackTeam "Chile"]
[WhiteTeamCountry "BHN"]
[BlackTeamCountry "CHI"]

1. d4 Nf6 2. Nf3 e6 3. Bf4 b6 4. e3 Bb7 5. Bd3 c5 6. c3 Be7 7. Nbd2 0-0 8. h3 Nc6 9. 0-0 a6 10. e4 d6 11. Qe2 cxd4 12. cxd4 Nb4 13. Bb1 a5 14. a3 Ba6 15. Nc4 d5 16. exd5 Rc8 17. axb4 Bxc4 18. Bd3 Bxd3 19. Qxd3 Nxd5 20. Bd2 Nxb4 21. Bxb4 Bxb4 22. Rac1 Qd6 23. Ng5 g6 24. Ne4 Qf4 25. g3 Qf5 26. Kg2 Be7 27. Qe3 h5 28. h4 Rfd8 29. Rxc8 Rxc8 30. Nc3 Bf6 31. Rd1 Rd8 32. Kg1 Qg4 33. Rd3 Rxd4 34. Rxd4 Bxd4 35. Qd3 Bxc3 36. Qxc3 Qd1+ 37. Kg2 Qd5+ 38. Kf1 a4 39. Qc8+ Kg7 40. Qc3+ e5 41. f4 Qd4 42. Qc1 b5 43. Ke2 e4 44. f5 0-1

[Event "Olympiad-42"]
[Site "Baku"]
[Date "2016.09.04"]
[Round "3.4"]
[White "Valenzuela Fuentealba, Luis"]
[Black "Abdullah, Mohd Kamal"]
[Result "1-0"]
[WhiteElo "2439"]
[BlackElo "2100"]
[PlyCount "123"]
[EventDate "2016.09.02"]
[EventType "team-swiss"]
[EventRounds "11"]
[EventCountry "AZE"]
[SourceTitle "CBM 175"]
[Source "ChessBase"]
[SourceDate "2016.11.10"]
[SourceVersion "1"]
[SourceVersionDate "2016.11.10"]
[SourceQuality "1"]
[WhiteTeam "Chile"]
[BlackTeam "Malaysia"]
[WhiteTeamCountry "CHI"]
[BlackTeamCountry "MAS"]

1. d4 Nf6 2. Nf3 e6 3. c4 b6 4. a3 Bb7 5. Nc3 d5 6. Bg5 Be7 7. Qa4+ Bc6 8. Qc2 0-0 9. e3 Bb7 10. Bd3 Nbd7 11. cxd5 exd5 12. 0-0 c5 13. Rad1 h6 14. Bf4 Nh5 15. Be5 Nhf6 16. Bf5 a6 17. Bxd7 Qxd7 18. Na4 Qb5 19. dxc5 bxc5 20. Bxf6 gxf6 21. Nc3 Qb6 22. Nxd5 Bxd5 23. Rxd5 Rfd8 24. Rfd1 Rxd5 25. Rxd5 Rb8 26. Rd2 Qe6 27. Nh4 Qe5 28. Nf5 Bf8 29. g3 Re8 30. Kg2 h5 31. b3 Qe6 32. Nh4 Rb8 33. Rd3 Be7 34. Rc3 Rd8 35. Nf5 Bf8 36. e4 Qe5 37. a4 Re8 38. Re3 Rb8 39. Qe2 Rb4 40. Qd3 Qe6 41. Qe2 Rxb3 42. Rxb3 Qxb3 43. Qxa6 c4 44. Qxf6 c3 45. Qg5+ Kh7 46. Qxh5+ Kg8 47. Qf3 Qb2 48. Qg4+ Kh7 49. Qh4+ Kg8 50. Qg5+ Kh7 51. Qf6 Qb3 52. Qc6 Qb4 53. Ne3 Bh6 54. Nf5 Bg7 55. Ne3 Bh6 56. Nf5 Bg7 57. Nd6 c2 58. Qxc2 Qxd6 59. e5+ Qg6 60. Qxg6+ Kxg6 61. f4 Kf5 62. Kf3 1-0

[Event "Santiago Vuelta op"]
[Site "Santiago de Chile"]
[Date "2016.03.07"]
[Round "1"]
[White "Bartolini Rojas, Claudio"]
[Black "Valenzuela Fuentealba, Luis"]
[Result "0-1"]
[WhiteElo "1886"]
[BlackElo "2439"]
[PlyCount "52"]
[EventDate "2016.03.07"]
[EventType "swiss"]
[EventRounds "7"]
[EventCountry "CHI"]
[SourceTitle "EXT 2017"]
[Source "ChessBase"]
[SourceDate "2016.10.25"]
[SourceVersion "1"]
[SourceVersionDate "2016.10.25"]
[SourceQuality "1"]

1. e4 c5 2. Nf3 d6 3. d4 cxd4 4. Nxd4 Nf6 5. Nc3 a6 6. Be3 e5 7. Nb3 Be7 8. Be2 Be6 9. f4 Qc7 10. 0-0 0-0 11. Kh1 Nbd7 12. f5 Bc4 13. Bg5 b5 14. Bd3 b4 15. Ne2 d5 16. Nd2 h6 17. Bxc4 dxc4 18. Bxf6 Nxf6 19. c3 Rfd8 20. Qc2 Ng4 21. Rf3 Bg5 22. Nf1 a5 23. h3 Nf6 24. Ne3 Rd3 25. Nd5 Nxd5 26. exd5 e4 0-1

[Event "Antofagasta Zicosur op 2nd"]
[Site "Antofagasta"]
[Date "2016.01.09"]
[Round "7"]
[White "Sanchez Sandoval, Gonzalo"]
[Black "Valenzuela Fuentealba, Luis"]
[Result "1/2-1/2"]
[WhiteElo "2247"]
[BlackElo "2458"]
[PlyCount "39"]
[EventDate "2016.01.05"]
[EventType "swiss"]
[EventRounds "9"]
[EventCountry "CHI"]
[SourceTitle "CBM 170 Extra"]
[Source "ChessBase"]
[SourceDate "2016.02.25"]
[SourceVersion "1"]
[SourceVersionDate "2016.02.25"]
[SourceQuality "1"]

1. e4 c5 2. Nf3 d6 3. d4 cxd4 4. Nxd4 Nf6 5. Nc3 a6 6. Bg5 Nbd7 7. Bc4 Qa5 8. Qd2 e6 9. 0-0-0 b5 10. Bd5 b4 11. Bxa8 bxc3 12. bxc3 d5 13. Bxf6 Nxf6 14. Nb3 Qxa2 15. Bc6+ Bd7 16. Bxd7+ Kxd7 17. Qd4 Ba3+ 18. Kd2 Nxe4+ 19. Ke3 Qxc2 20. Qa4+ 1/2-1/2

[Event "Antofagasta Zicosur op 2nd"]
[Site "Antofagasta"]
[Date "2016.01.09"]
[Round "8"]
[White "Valenzuela Fuentealba, Luis"]
[Black "Garmendia Vega, Gabriel"]
[Result "1-0"]
[WhiteElo "2458"]
[BlackElo "2055"]
[PlyCount "107"]
[EventDate "2016.01.05"]
[EventType "swiss"]
[EventRounds "9"]
[EventCountry "CHI"]
[SourceTitle "CBM 170 Extra"]
[Source "ChessBase"]
[SourceDate "2016.02.25"]
[SourceVersion "1"]
[SourceVersionDate "2016.02.25"]
[SourceQuality "1"]

1. d4 Nf6 2. Nf3 e6 3. c4 Bb4+ 4. Nbd2 b6 5. a3 Bxd2+ 6. Qxd2 Bb7 7. e3 0-0 8. Be2 Ne4 9. Qc2 f5 10. 0-0 d6 11. b4 Nd7 12. d5 e5 13. Nd2 c6 14. Nxe4 fxe4 15. Qxe4 cxd5 16. cxd5 Nf6 17. Qd3 Bxd5 18. Bb2 Qe7 19. Qd2 Rac8 20. Rac1 Bb7 21. f3 d5 22. Bd3 e4 23. Be2 exf3 24. gxf3 Rfe8 25. Bd4 Nh5 26. Bd3 Qh4 27. Qf2 Qe7 28. Kh1 g6 29. Qg2 Rxc1 30. Rxc1 Rc8 31. Rg1 Rc6 32. b5 Rd6 33. f4 Nf6 34. Qg5 Kf7 35. f5 Ne4 36. Qf4 g5 37. Qf3 Rh6 38. Bxe4 dxe4 39. Qg3 Rd6 40. Qxg5 Qxg5 41. Rxg5 Kf8 42. Kg2 Bd5 43. Rg7 Bc4 44. Rxh7 Bxb5 45. Rxa7 Rc6 46. Kg3 Be2 47. Kf4 Bf3 48. Kg5 Rd6 49. Ra6 Rc6 50. h4 Rc2 51. Rxb6 Rg2+ 52. Kf6 Bh5 53. Rb8+ Be8 54. Bc5+ 1-0

[Event "Antofagasta Zicosur op 2nd"]
[Site "Antofagasta"]
[Date "2016.01.05"]
[Round "1"]
[White "Rivera Sarmiento, Andres Misael"]
[Black "Valenzuela Fuentealba, Luis"]
[Result "0-1"]
[WhiteElo "1895"]
[BlackElo "2458"]
[PlyCount "50"]
[EventDate "2016.01.05"]
[EventType "swiss"]
[EventRounds "9"]
[EventCountry "CHI"]
[SourceTitle "CBM 170 Extra"]
[Source "ChessBase"]
[SourceDate "2016.02.25"]
[SourceVersion "1"]
[SourceVersionDate "2016.02.25"]
[SourceQuality "1"]

1. e4 c5 2. Nf3 d6 3. d4 cxd4 4. Nxd4 Nf6 5. Nc3 a6 6. Be3 e5 7. Nb3 Be7 8. f3 Be6 9. Qd2 h5 10. 0-0-0 Nbd7 11. Qf2 Rc8 12. Nd5 Nxd5 13. exd5 Bf5 14. Bd3 Bxd3 15. Rxd3 Bg5 16. h4 Bxe3+ 17. Qxe3 Kf8 18. f4 exf4 19. Qxf4 Ne5 20. Re3 Rh6 21. Nd4 Rf6 22. Nf5 Ng4 23. Rhe1 Qd7 24. Re6 fxe6 25. dxe6 Rxe6 0-1

[Event "Serrano Sertal 1st"]
[Site "Serrano"]
[Date "2015.09.01"]
[Round "1.1"]
[White "Poblete Rojas, Pablo"]
[Black "Valenzuela Fuentealba, Luis"]
[Result "0-1"]
[WhiteElo "1977"]
[BlackElo "2451"]
[PlyCount "58"]
[EventDate "2015.09.01"]
[EventType "swiss"]
[EventRounds "7"]
[EventCountry "CHI"]
[SourceTitle "EXT 2024"]
[Source "ChessBase"]
[SourceDate "2023.10.10"]
[SourceVersion "1"]
[SourceVersionDate "2023.10.10"]
[SourceQuality "1"]

1. e4 c5 2. Nf3 e6 3. d4 cxd4 4. Nxd4 a6 5. Nc3 b5 6. Be3 Bb7 7. Bd3 Nf6 8. Qf3 b4 9. Na4 d6 10. 0-0-0 Nbd7 11. Rhe1 Qa5 12. b3 Nc5 13. Kb1 Nfxe4 14. Bxe4 Bxe4 15. Qh5 Bg6 16. Qg5 Qc7 17. Nxc5 Qxc5 18. Qg4 Be7 19. Rd2 Qc8 20. f4 0-0 21. Qf3 d5 22. f5 exf5 23. Bf4 Bf6 24. Bd6 Qc3 25. Red1 Rfe8 26. Rd3 Qc8 27. Qxd5 f4 28. R3d2 Be4 29. Qa5 Bxd4 0-1

[Event "Olympiad-41"]
[Site "Tromsoe"]
[Date "2014.08.12"]
[Round "10.3"]
[White "Minero Pineda, Sergio"]
[Black "Valenzuela Fuentealba, Luis"]
[Result "1/2-1/2"]
[WhiteElo "2384"]
[BlackElo "2455"]
[PlyCount "48"]
[EventDate "2014.08.02"]
[EventType "team-swiss"]
[EventRounds "11"]
[EventCountry "NOR"]
[SourceTitle "CBM 162"]
[Source "ChessBase"]
[SourceDate "2014.09.17"]
[SourceVersion "1"]
[SourceVersionDate "2014.09.17"]
[SourceQuality "1"]
[WhiteTeam "Costa Rica"]
[BlackTeam "Chile"]
[WhiteTeamCountry "CRI"]
[BlackTeamCountry "CHI"]

1. d4 d5 2. c4 c6 3. Nc3 Nf6 4. e3 e6 5. Nf3 Nbd7 6. Bd3 dxc4 7. Bxc4 b5 8. Bd3 b4 9. Ne4 Bb7 10. 0-0 Be7 11. Nxf6+ Nxf6 12. e4 0-0 13. Qe2 Nd7 14. Rd1 c5 15. Be3 cxd4 16. Nxd4 Nc5 17. Bc4 Qb8 18. f3 Rc8 19. Nb3 a5 20. Rac1 Qe5 21. Bd4 Qg5 22. Be3 Qe5 23. Bd4 Qg5 24. Be3 Qe5 1/2-1/2